| 000 | 01113cab a2200277 4500 | ||
|---|---|---|---|
| 001 | WB2913-24 | ||
| 008 | 090401t1993 xxu||||| |||| 00| 0 eng d | ||
| 035 | _a(Sirsi) u39838 | ||
| 041 | _aeng | ||
| 245 | _aBreach of covenant | ||
| 260 | _c1993 | ||
| 350 | _a0 | ||
| 490 |
_aEstates Gazette Case Summaries _v1993 EGCS 50 27 March 1993(1) |
||
| 520 | _aIn "Meadows and another v Home Properties Ltd" ORB 25 February 1993 the plaintiffs were tenants of premises used as architects offices. The landlord entered into a covenant for quiet enjoyment and was entitled to carry out works without interruption to the tenants business. Works did go ahead and caused severe disruption to the tenants business. The judge held for the tenants who were entitled to damages. | ||
| 650 | _aBREACH OF COVENANT | ||
| 650 | _aBUSINESS INTERRUPTION | ||
| 650 | _aCOMPENSATION | ||
| 650 | _aCOVENANT OF QUIET ENJOYMENT | ||
| 650 | _aDAMAGES | ||
| 650 | _aDISTURBANCE | ||
| 650 | _aLEASES | ||
| 650 | _aNUISANCE | ||
| 690 | _aLANDLORD AND TENANT-CASE LAW-BUSINESS TENANCIES | ||
| 942 | _n0 | ||
| 948 | _c04/03/1997 | ||
| 999 |
_c25499 _d25499 |
||